RICS warns on GM crops debate (Record no. 72821)

MARC details
000 -LEADER
fixed length control field 00937cam a2200205 4500
001 - CONTROL NUMBER
control field WB3921-22
008 - FIXED-LENGTH DATA ELEMENTS--GENERAL INFORMATION
fixed length control field 030604n2003 000 0 eng u
035 ## - SYSTEM CONTROL NUMBER
System control number (Sirsi) u122519
245 ## - TITLE STATEMENT
Title RICS warns on GM crops debate
260 ## - PUBLICATION, DISTRIBUTION, ETC.
Date of publication, distribution, etc. 2003
490 ## - SERIES STATEMENT
Series statement RICS Press Release
Volume/sequential designation (pr054) 2 June 2003 (2)
520 ## - SUMMARY, ETC.
Summary, etc. RICS has warned that the register of where genetically modified crops are being grown, to be drawn up under EC directive 2001/18/EC, may cause countrywide chaos unless it is properly maintained. It calls for the careful management of such information and itswidespread availability via the internet. http://www.rics.org/ricscms/bin/show?class=PressRelease&template=/includes/showpr.html&id=935&faculty=Rural&faculty=All%20Faculties.
590 ## - LOCAL NOTE (RLIN)
Local note WB
650 ## - SUBJECT ADDED ENTRY--TOPICAL TERM
Topical term or geographic name entry element GENETICALLY MODIFIED CROPS
650 ## - SUBJECT ADDED ENTRY--TOPICAL TERM
Topical term or geographic name entry element DIRECTIVE 01/18/EC
650 ## - SUBJECT ADDED ENTRY--TOPICAL TERM
Topical term or geographic name entry element FARMING
650 ## - SUBJECT ADDED ENTRY--TOPICAL TERM
Topical term or geographic name entry element ORGANIC FARMING
690 ## - LOCAL SUBJECT ADDED ENTRY--TOPICAL TERM (OCLC, RLIN)
Topical term or geographic name as entry element Rural
9 (RLIN) 6268
942 ## - ADDED ENTRY ELEMENTS (KOHA)
Suppress in OPAC 0
Holdings
Withdrawn status Lost status Source of classification or shelving scheme Damaged status Not for loan Home library Current library Shelving location Date acquired Total Checkouts Full call number Barcode Date last seen Copy number Price effective from Koha item type
    Dewey Decimal Classification     London London News article 04/06/2003   WB3921-22 122519-1001 06/08/2019 1 06/08/2019 News article